00994cpcaa2200241 a 4500001001300000003000400013005001700017008004100034010001700075040002400092072001200116110009200128245012300220300001300343506002200356520013700378546003600515580005700551650004000608650003700648651005000685999001700735mm 80003378 DLC20260227111701.0800115|||||||||||| eng  amm 80003378  aDLCcDLCdDLCedacs 7aG2lcmd2 aUniversity of North Carolina at Chapel Hill.bLibrary.bSouthern Historical Collection.00aUniversity of North Carolina at Chapel Hill. Library. Southern Historical Collection list of collections,fcirca 1936. a1fitem.0 aOpen to research.8 aTypewritten list of collections in the Southern Historical Collection specifying donor and indicating pertinence to women's history. aCollection material in English. aForms part of: Miscellaneous Manuscripts collection. 0aWomenxHistoryxArchival resources. 0aWomenzSouthern StatesxHistory. 0aSouthern StatesxHistoryxArchival resources. c42675d42675